000 00458nam a2200193Ia 4500
005 20240823035944.0
008 240823s9999||||xx |||||||||||||| ||und||
020 _a0-07-058111-8
041 _aENGLISH
082 _A621.4022 P3
100 _a"Cengel,Yunus A"
245 0 _aHeat transfer : A Practical Approach
250 _a1st
260 _c2003
_bTMH New D
500 _aTRANSFERED
650 _aHeat
_bMechanical
942 _cBK
999 _c201925
_d201925